000 01347nam a2200313 a 4500
001 BRCA_3441
005 20190320204302.0
041 _aita
044 _ait
084 _a730
_b.T74
_c1876
100 1 _aCervantes Saavedra, Miguel de
_d1547-1616
_9213
245 1 0 _aStoria dell´ammirable Don Chisciote della Mancia
_cper Cervantes de Saavedra.
260 _aMilán
_bFratelli Treves
_c1876
300 _a308 p.
_bil.
_c18 cm.
440 0 _aPrime Letture
_v1
_99006
500 _aContenido : Advertencia del traductor. Texto compendiado de ambas partes, vertido al italiano por traductor anónimo
500 _aEdición : Nuova edizione adattata per la gioventù e illustrata da 64 incisioni
500 _aTraducción anónima, abreviada para la juventud y excelentemente impresa. Las ilustraciones son de Bertall. Tela; lomo y planos decorados con dorados Lúdovik Osterc
500 _aQM549
546 _aTexto en : italiano
650 1 4 _aNovela española
_yÉpoca clásica, 1500-1700
_9215
650 1 4 _aLiteratura española
_yÉpoca clásica, 1500-1700
_9216
650 1 4 _aNovela española
_ySiglo XVII
_9217
650 1 4 _aDon Quijote (Personaje ficticio)
_eNovela
_9218
700 1 _aBertall, ALbert D´Arnoux
_d1820-1882
_eIlustrador
_99007
740 0 _aEl Ingenioso Hidalgo Don Quijote de la Mancha
902 _aQFM
942 _2lcc
_cB
999 _c3177
_d3177